[Event "Asia Clubs 1st"]
[Site "Al Ain"]
[Date "2008.12.29"]
[Round "5"]
[White "Purushottam, Chaugaim"]
[Black "Ali, Obay"]
[Result "0-1"]
[WhiteElo "1906"]
[BlackElo "2093"]
[PlyCount "163"]
[EventDate "2008.12.25"]
[EventType "team-swiss"]
[EventRounds "7"]
[EventCountry "UAE"]
[SourceTitle "CBM 127 Extra"]
[Source "ChessBase"]
[SourceDate "2009.01.08"]
[SourceVersion "2"]
[SourceVersionDate "2009.01.28"]
[SourceQuality "1"]

1. d4 d5 2. c4 c6 3. Nc3 Nf6 4. e3 a6 5. Nf3 b5 6. b3 Bg4 7. Ba3 Qa5 8. Bb2 e6 9. c5 Nbd7 10. Be2 g6 11. 0-0 Bg7 12. Qd2 Qc7 13. Ne1 Bxe2 14. Nxe2 0-0 15. Nd3 e5 16. Qc2 e4 17. Ndf4 Ng4 18. Ng3 h5 19. Qe2 Qd8 20. h3 Nh6 21. Rfc1 h4 22. Nf1 Nf5 23. Nh2 Re8 24. Qd2 Nf8 25. a4 Qc7 26. axb5 axb5 27. Bc3 Nh6 28. Rc2 Ne6 29. Nxe6 fxe6 30. Rca2 Rxa2 31. Qxa2 Bf6 32. Qa6 Rb8 33. Qa7 Rb7 34. Qa8+ Rb8 35. Qa5 Qxa5 36. Rxa5 Rc8 37. Ra7 Bd8 38. Nf1 Nf7 39. Nd2 Kf8 40. b4 Ke8 41. Nb3 Rc7 42. Ra6 Kd7 43. Kf1 Bf6 44. Ke2 Nh6 45. Na5 Nf5 46. Ra8 Bd8 47. Be1 Ne7 48. Ra6 Nc8 49. f3 exf3+ 50. Kxf3 Ra7 51. Rxa7+ Nxa7 52. Nb3 Bf6 53. g3 hxg3 54. Bxg3 Nc8 55. Nc1 Ne7 56. Nd3 Nf5 57. Be5 Bh4 58. Bh2 Bf6 59. Be5 Ke7 60. Bxf6+ Kxf6 61. Ne5 Ne7 62. Kg4 g5 63. Nd7+ Kg6 64. Nf8+ Kf7 65. Nh7 Nf5 66. Nxg5+ Kf6 67. Kf4 Nh4 68. Kg4 Ng2 69. e4 Ne3+ 70. Kf4 Nc2 71. exd5 exd5 72. Nf3 Nxb4 73. Ne5 Nc2 74. Nxc6 b4 75. Nxb4 Nxb4 76. h4 Nc6 77. h5 Nxd4 78. Ke3 Ke5 79. Kd3 Ne6 80. h6 Nxc5+ 81. Ke3 d4+ 82. Ke2 0-1

[Event "Asia Clubs 1st"]
[Site "Al Ain"]
[Date "2008.12.28"]
[Round "4"]
[White "Baek, Wongi"]
[Black "Purushottam, Chaugaim"]
[Result "0-1"]
[WhiteElo "1681"]
[BlackElo "1906"]
[PlyCount "45"]
[EventDate "2008.12.25"]
[EventType "team-swiss"]
[EventRounds "7"]
[EventCountry "UAE"]
[SourceTitle "CBM 127 Extra"]
[Source "ChessBase"]
[SourceDate "2009.01.08"]
[SourceVersion "2"]
[SourceVersionDate "2009.01.28"]
[SourceQuality "1"]

1. e4 c5 2. Nf3 d6 3. d4 cxd4 4. Nxd4 Nf6 5. Bd3 Nc6 6. Nb3 e6 7. 0-0 d5 8. Bg5 dxe4 9. Bxf6 Qxf6 10. Bxe4 Be7 11. Qf3 Ne5 12. Qe2 0-0 13. Re1 Ng6 14. Nc3 Rb8 15. Rad1 b5 16. Qe3 Bb7 17. Bxg6 Qxg6 18. Ne4 Rbd8 19. Nbd2 Rd7 20. Rc1 f5 21. f3 fxe4 22. Nxe4 Bd5 23. Nc3 0-1